书目信息 |
| 题名: |
力学难点辅导
|
|
| 作者: | 马国璞 编 | |
| 分册: | ||
| 出版信息: | 西宁 青海人民出版社 1981 |
|
| 页数: | 223页 | |
| 开本: | 19cm | |
| 丛书名: | ||
| 单 册: | ||
| 中图分类: | O31 , G633.7 | |
| 科图分类: | ||
| 主题词: | 力学 , 教育--各级 | |
| 电子资源: | ||
| ISBN: | ||
| 000 | 00646nam0 2200253 45 | |
| 001 | 0181004742 | |
| 005 | 20060818171623.60 | |
| 010 | @dCNY0.51 | |
| 091 | @a13097.38 | |
| 100 | @a19950525d1981 em y0chiy0121 ea | |
| 101 | 0 | @achi |
| 102 | @aCN@b630000 | |
| 105 | @ay z 000yy | |
| 200 | 10 | @a力学难点辅导@Ali xue nan dian fu dao@f马国璞编@Fma guo pu bian |
| 210 | @a西宁@c青海人民出版社@d1981 | |
| 215 | @a223页@d19cm | |
| 606 | @a力学 | |
| 606 | 0 | @a教育@x各级 |
| 690 | @aO31@v4 | |
| 690 | @aG633.7@v3 | |
| 701 | 0 | @a马国璞@Ama guo pu@4编 |
| 801 | 2 | @aCN@bNLC@c20060818 |
| 801 | 0 | @aCN@b上海图书馆@c20060818 |
| 905 | @dG633.7@e323 | |
| 力学难点辅导/马国璞编.-西宁:青海人民出版社,1981 |
| 223页;19cm |
| ISBN :CNY0.51 |
| ● |
| 相关链接 |
|
|
|
|
正题名:力学难点辅导
索取号:G633.7/323
 
预约/预借
| 序号 | 登录号 | 条形码 | 馆藏地/架位号 | 状态 | 备注 |
| 1 | 0054520 | 001450566 | 密集书库/ [索取号:G633.7/323] | 在馆 | |
| 2 | 0054521 | 001450557 | 第四借阅区/ [索取号:G633.7/323] | 在馆 | |
| 3 | 0054522 | 202310025 | 密集书库/ [索取号:G633.7/323] | 在馆 | |
| 4 | 0054523 | 001450487 | 第一样本阅览室/ [索取号:G633.7/323] | 在馆 | |
| 5 | 0054524 | 202384197 | 密集书库/ [索取号:G633.7/323] | 在馆 | |
| 6 | 0054525 | 202246444 | 密集书库/ [索取号:G633.7/323] | 在馆 | |
| 7 | 0054526 | 202255111 | 密集书库/ [索取号:G633.7/323] | 在馆 | |
| 8 | 0054527 | 001450520 | 密集书库/ [索取号:G633.7/323] | 在馆 | |
| 9 | 0054528 | 202384222 | 密集书库/ [索取号:G633.7/323] | 在馆 | |
| 10 | 0054529 | 202208146 | 密集书库/ [索取号:G633.7/323] | 在馆 | |
| 11 | 0159158 | 001450405 | 密集书库/ [索取号:G633.7/323] | 在馆 | |
| 12 | 0159159 | 001450441 | 密集书库/ [索取号:G633.7/323] | 在馆 | |
| 13 | 0430979 | 204309792 | 密集书库/ [索取号:G633.7/323] | 在馆 | |
| 14 | 0430980 | 204309809 | 密集书库/ [索取号:G633.7/323] | 在馆 | |
| 15 | 0430981 | 204309818 | 密集书库/ [索取号:G633.7/323] | 在馆 | |
| 16 | 0453942 | 204539428 | 密集书库/ [索取号:G633.7/323] | 在馆 | |
| 17 | 0461450 | 204614505 | 密集书库/ [索取号:G633.7/323] | 在馆 | |
| 18 | 0461451 | 204614514 | 密集书库/ [索取号:G633.7/323] | 在馆 | |
| 19 | 0465694 | 204656942 | 密集书库/ [索取号:G633.7/323] | 在馆 |